| 000 | 00550nam a22001697a 4500 | ||
|---|---|---|---|
| 005 | 20251108164030.0 | ||
| 008 | 250721s1998 xx 000 0 ara d | ||
| 082 | 1 | 4 | _a041/مخت |
| 100 | 1 |
_aمظفر، نمير عباس _eمترجم |
|
| 245 | 1 | 0 |
_aمختارات من الفكر الأمريكي : _bكلمات حركت أمة بأسرها / |
| 264 | 1 |
_aعمان : _bدار الفارس، _c1998. |
|
| 300 | _a741ص | ||
| 650 | 1 | 7 | _aالمقالات |
| 700 | 1 |
_aعودة، صادق إبراهيم _eترجمة |
|
| 942 |
_2ddc _cBK |
||
| 999 |
_c1898 _d1898 |
||